MARC

LEADER 00000nam0a2200000 4500
001 282501
005 20251215170103.0
035 |a (RuTPU)RU\TPU\book\306413 
090 |a 282501 
100 |a 20150130d1984 k y0rusy50 ca 
101 0 |a rus 
102 |a RU 
105 |a y a 001zy 
200 1 |a История СССР. Аннотированный указатель библиографических пособий, опубликованных на русском языке с начала XIX в. по 1982 г.   |e в 2 ч.  |h Ч. 2  |f Государственная библиотека СССР им. В.И. Ленина ; Государственная публичная историческая библиотека России (ГПИБ) ; под ред. Г. А. Главатских, З. Л. Фрадкиной 
205 |a 3-е изд., перераб. 
210 |a Москва  |c Изд-во ГБЛ  |d 1984 
215 |a 208 с. 
606 |a Библиографические пособия  |x По истории  |2 stltpush  |3 (RuTPU)RU\TPU\subj\28571  |9 52089 
606 |a Россия  |x История  |9 81526 
610 1 |a библиография 
610 1 |a библиографические указатели 
610 1 |a аннотированные указатели 
610 1 |a СССР 
610 1 |a 10 век 
610 1 |a 11 век 
610 1 |a 12 век 
610 1 |a 13 век 
610 1 |a 14 век 
610 1 |a 15 век 
610 1 |a 16 век 
610 1 |a 17 век 
610 1 |a 18 век 
610 1 |a 19 век 
610 1 |a 20 век 
610 1 |a экономическая история 
610 1 |a политическая история 
610 1 |a военная история 
686 |a Я19:9  |2 rubbk 
686 |a Т3(2)я1  |2 rubbk 
702 1 |a Главатских  |b Г. А.  |4 340 
702 1 |a Фрадкина  |b З. Л.  |4 340 
712 0 2 |a Государственная библиотека СССР им. В.И. Ленина  |3 (RuTPU)RU\TPU\col\6015  |9 24199 
712 0 2 |a Государственная публичная историческая библиотека России  |c Москва  |c 1991-  |9 23606 
801 1 |a RU  |b 63413507  |c 20150130 
801 2 |a RU  |b 63413507  |c 20170127  |g RCR 
942 |c BK